<?xml version="1.0" encoding="UTF-8"?>
<record
    xmlns:xsi="http://www.w3.org/2001/XMLSchema-instance"
    xsi:schemaLocation="http://www.loc.gov/MARC21/slim http://www.loc.gov/standards/marcxml/schema/MARC21slim.xsd"
    xmlns="http://www.loc.gov/MARC21/slim">

  <leader>01003    a2200217   4500</leader>
  <controlfield tag="001">23257</controlfield>
  <controlfield tag="005">20260407155521.0</controlfield>
  <controlfield tag="008">260407a1983    arg                 spa d</controlfield>
  <controlfield tag="003">AR-UNSa-BCEJYS</controlfield>
  <datafield tag="040" ind1=" " ind2=" ">
    <subfield code="a">AR-UNSa-BCEJYS</subfield>
    <subfield code="b">spa</subfield>
    <subfield code="c">AR-UNSa-BCEJYS</subfield>
  </datafield>
  <datafield tag="080" ind1=" " ind2=" ">
    <subfield code="a">657.372</subfield>
    <subfield code="x">T&#xE9;cnicas para la preparaci&#xF3;n de balances (valores corrientes)</subfield>
  </datafield>
  <datafield tag="245" ind1="1" ind2="0">
    <subfield code="a">Valores Corrientes</subfield>
  </datafield>
  <datafield tag="020" ind1=" " ind2=" ">
    <subfield code="a">978-950-9109-23-0</subfield>
  </datafield>
  <datafield tag="264" ind1=" " ind2="1">
    <subfield code="a">Buenos Aires :</subfield>
    <subfield code="b">Tesis</subfield>
    <subfield code="c">1983</subfield>
  </datafield>
  <datafield tag="300" ind1=" " ind2=" ">
    <subfield code="a">230 p.</subfield>
    <subfield code="c">22 cm.</subfield>
  </datafield>
  <datafield tag="505" ind1=" " ind2=" ">
    <subfield code="a">1. La emisi&#xF3;n de normas contables en la Argentina - 2. Los modelos contables - 3. Bases para la determinaci&#xF3;n de resultados - 4. Pautas para la determinaci&#xF3;n de valores corrientes - 5. La contabilizaci&#xF3;n de los resultados financieros - 6. La identidicaci&#xF3;n, segregaci&#xF3;n y tratamiento contable de los sobreprecios - 7. Tratamiento contable de los dividendos en efectivo en epocas de inflaci&#xF3;n.</subfield>
  </datafield>
  <datafield tag="041" ind1=" " ind2=" ">
    <subfield code="a">spa</subfield>
  </datafield>
  <datafield tag="942" ind1=" " ind2=" ">
    <subfield code="c">BK</subfield>
  </datafield>
  <datafield tag="590" ind1=" " ind2=" ">
    <subfield code="a">niveau_biblio:m niveau_hierar:0</subfield>
  </datafield>
  <datafield tag="100" ind1="1" ind2=" ">
    <subfield code="a">Garc&#xED;a, Sergio O.</subfield>
  </datafield>
  <datafield tag="999" ind1=" " ind2=" ">
    <subfield code="c">1098</subfield>
    <subfield code="d">1098</subfield>
  </datafield>
  <datafield tag="952" ind1=" " ind2=" ">
    <subfield code="0">0</subfield>
    <subfield code="1">0</subfield>
    <subfield code="4">0</subfield>
    <subfield code="7">0</subfield>
    <subfield code="a">BCEJYS</subfield>
    <subfield code="b">BCEJYS</subfield>
    <subfield code="c">16</subfield>
    <subfield code="d">2026-04-07</subfield>
    <subfield code="l">0</subfield>
    <subfield code="o">657.372 G216</subfield>
    <subfield code="p">L53359</subfield>
    <subfield code="r">2026-04-07 15:55:21</subfield>
    <subfield code="w">2026-04-07</subfield>
    <subfield code="y">L</subfield>
    <subfield code="z">TAPA ROTA - PARTIDO EN P&#xC1;G 152 - CORRECTOR EN &#xDA;LTIMA P&#xC1;G - L&#xC1;PIZ NEGRO</subfield>
  </datafield>
  <datafield tag="952" ind1=" " ind2=" ">
    <subfield code="0">0</subfield>
    <subfield code="1">0</subfield>
    <subfield code="4">0</subfield>
    <subfield code="7">0</subfield>
    <subfield code="a">BCEJYS</subfield>
    <subfield code="b">BCEJYS</subfield>
    <subfield code="c">16</subfield>
    <subfield code="d">2026-04-07</subfield>
    <subfield code="l">0</subfield>
    <subfield code="o">657.372 G216</subfield>
    <subfield code="p">L45323</subfield>
    <subfield code="r">2026-04-07 15:55:21</subfield>
    <subfield code="w">2026-04-07</subfield>
    <subfield code="y">L</subfield>
    <subfield code="z">ROTAS P&#xC1;GINA 33 Y &#xDA;LTIMA P&#xC1;GINA - H&#xDA;MEDO - PEGADO CON CINTA P&#xC1;G 22, 10 A 13 - L&#xC1;PIZ NEGRO - L&#xC1;PIZ VERDE EN P&#xC1;G 122 Y 125 - LAPICERA ROJA P&#xC1;G 123, 144 - P&#xC1;GINAS SUELTAS 117 A 124 - LAPICERA AZUL EN &#xDA;LTIMA P&#xC1;GINJA</subfield>
  </datafield>
  <datafield tag="952" ind1=" " ind2=" ">
    <subfield code="0">0</subfield>
    <subfield code="1">0</subfield>
    <subfield code="4">0</subfield>
    <subfield code="7">0</subfield>
    <subfield code="a">BCEJYS</subfield>
    <subfield code="b">BCEJYS</subfield>
    <subfield code="c">16</subfield>
    <subfield code="d">2026-04-07</subfield>
    <subfield code="l">0</subfield>
    <subfield code="o">657.372 G216</subfield>
    <subfield code="p">L45326</subfield>
    <subfield code="r">2026-04-07 15:55:21</subfield>
    <subfield code="w">2026-04-07</subfield>
    <subfield code="y">L</subfield>
    <subfield code="z">SUBRAYADO CON L&#xC1;PIZ - &#xDA;LTIMA P&#xC1;G ROTA Y P&#xC1;G 75 - &#xDA;LTIMA P&#xC1;G PEGADA CON CINTA - LAPICERA EN P&#xC1;G 76 - TAPA UN POCO ROTA</subfield>
  </datafield>
  <datafield tag="952" ind1=" " ind2=" ">
    <subfield code="0">0</subfield>
    <subfield code="1">0</subfield>
    <subfield code="4">0</subfield>
    <subfield code="7">0</subfield>
    <subfield code="a">BCEJYS</subfield>
    <subfield code="b">BCEJYS</subfield>
    <subfield code="c">16</subfield>
    <subfield code="d">2026-04-07</subfield>
    <subfield code="l">0</subfield>
    <subfield code="o">657.372 G216</subfield>
    <subfield code="p">L44296</subfield>
    <subfield code="r">2026-04-07 15:55:21</subfield>
    <subfield code="w">2026-04-07</subfield>
    <subfield code="y">L</subfield>
    <subfield code="z">MANCHADO P&#xC1;G 79,81, 64 A 68 - L&#xC1;PIZ - FIBRA P&#xC1;G 22 - LAPICERA P&#xC1;G 29,157,158,100,144</subfield>
  </datafield>
  <datafield tag="952" ind1=" " ind2=" ">
    <subfield code="0">0</subfield>
    <subfield code="1">0</subfield>
    <subfield code="4">0</subfield>
    <subfield code="7">0</subfield>
    <subfield code="a">BCEJYS</subfield>
    <subfield code="b">BCEJYS</subfield>
    <subfield code="c">16</subfield>
    <subfield code="d">2026-04-07</subfield>
    <subfield code="l">0</subfield>
    <subfield code="o">657.372 G216</subfield>
    <subfield code="p">L45324</subfield>
    <subfield code="r">2026-04-07 15:55:21</subfield>
    <subfield code="w">2026-04-07</subfield>
    <subfield code="y">L</subfield>
    <subfield code="z">L&#xC1;PIZ -LAPICERA P&#xC1;G 111,76,78,200,163- MANCHADO P&#xC1;G 155 A 162</subfield>
  </datafield>
  <datafield tag="952" ind1=" " ind2=" ">
    <subfield code="0">0</subfield>
    <subfield code="1">0</subfield>
    <subfield code="4">0</subfield>
    <subfield code="7">0</subfield>
    <subfield code="a">BCEJYS</subfield>
    <subfield code="b">BCEJYS</subfield>
    <subfield code="c">16</subfield>
    <subfield code="d">2026-04-07</subfield>
    <subfield code="l">0</subfield>
    <subfield code="o">657.372 G216</subfield>
    <subfield code="p">L45066</subfield>
    <subfield code="r">2026-04-07 15:55:21</subfield>
    <subfield code="w">2026-04-07</subfield>
    <subfield code="y">L</subfield>
    <subfield code="z">HOJA 11 CON CINTA - LAPICERA EN 1&#xB0; P&#xC1;G, P&#xC1;G 18, 93, &#xDA;LTIMA P&#xC1;GINA - L&#xC1;PIZ - MANCHADO - FIBRA VERDE EN PRIMERA P&#xC1;G - P&#xC1;GINAS 74,78, 100 A 104 DOBLADAS AL MEDIO</subfield>
  </datafield>
  <datafield tag="952" ind1=" " ind2=" ">
    <subfield code="0">0</subfield>
    <subfield code="1">0</subfield>
    <subfield code="4">0</subfield>
    <subfield code="7">0</subfield>
    <subfield code="a">BCEJYS</subfield>
    <subfield code="b">BCEJYS</subfield>
    <subfield code="c">16</subfield>
    <subfield code="d">2026-04-07</subfield>
    <subfield code="l">0</subfield>
    <subfield code="o">657.372 G216</subfield>
    <subfield code="p">L45325</subfield>
    <subfield code="r">2026-04-07 15:55:21</subfield>
    <subfield code="w">2026-04-07</subfield>
    <subfield code="y">L</subfield>
    <subfield code="z">LAPICERA 219 - SUBRAYADO CON L&#xC1;PIZ - MANCHADO 119, 97,99,77</subfield>
  </datafield>
  <datafield tag="952" ind1=" " ind2=" ">
    <subfield code="0">0</subfield>
    <subfield code="1">0</subfield>
    <subfield code="4">0</subfield>
    <subfield code="7">0</subfield>
    <subfield code="a">BCEJYS</subfield>
    <subfield code="b">BCEJYS</subfield>
    <subfield code="c">16</subfield>
    <subfield code="d">2026-04-07</subfield>
    <subfield code="l">0</subfield>
    <subfield code="o">657.372 G216</subfield>
    <subfield code="p">L45065</subfield>
    <subfield code="r">2026-04-07 15:55:21</subfield>
    <subfield code="w">2026-04-07</subfield>
    <subfield code="y">L</subfield>
    <subfield code="z">L&#xC1;PIZ - LAPICERA ROSA P&#xC1;G 77 - LAPICERA AZUL P&#xC1;G 118,119 1&#xB0; Y &#xDA;LTIMA P&#xC1;G - TAPA DELANTERA DESPEGADA Y TAPA DE ATR&#xC1;S PEGADA CON CINTA</subfield>
  </datafield>
  <datafield tag="952" ind1=" " ind2=" ">
    <subfield code="0">0</subfield>
    <subfield code="1">0</subfield>
    <subfield code="4">0</subfield>
    <subfield code="7">0</subfield>
    <subfield code="a">BCEJYS</subfield>
    <subfield code="b">BCEJYS</subfield>
    <subfield code="c">16</subfield>
    <subfield code="d">2026-04-07</subfield>
    <subfield code="l">0</subfield>
    <subfield code="o">657.372 G216</subfield>
    <subfield code="p">L45068</subfield>
    <subfield code="r">2026-04-07 15:55:21</subfield>
    <subfield code="w">2026-04-07</subfield>
    <subfield code="y">L</subfield>
    <subfield code="z">TAPA DELANTERA DESPEGADA (PEGADA CON CINTA) - LAPICERA MARR&#xD3;N P&#xC1;G 64,65,74 A 77 - LAPICERA AZUL 74,77,191,192,152,153 - MANCHADO</subfield>
  </datafield>
  <datafield tag="952" ind1=" " ind2=" ">
    <subfield code="0">0</subfield>
    <subfield code="1">0</subfield>
    <subfield code="4">0</subfield>
    <subfield code="7">0</subfield>
    <subfield code="a">BCEJYS</subfield>
    <subfield code="b">BCEJYS</subfield>
    <subfield code="c">16</subfield>
    <subfield code="d">2026-04-07</subfield>
    <subfield code="l">0</subfield>
    <subfield code="o">657.372 G216</subfield>
    <subfield code="p">L45064</subfield>
    <subfield code="r">2026-04-07 15:55:21</subfield>
    <subfield code="w">2026-04-07</subfield>
    <subfield code="y">L</subfield>
    <subfield code="z">L&#xC1;PIZ - MANCHADO EN P&#xC1;G 14 A 18, 220 Y 221 - PEGADO CON CINTA P&#xC1;G 18 Y &#xDA;LTIMA P&#xC1;G - L&#xC1;PIZ MORADO P&#xC1;G 230 - LAPICERA P&#xC1;G 65,67,68,31 Y &#xDA;LTIMA P&#xC1;G</subfield>
  </datafield>
  <datafield tag="952" ind1=" " ind2=" ">
    <subfield code="0">0</subfield>
    <subfield code="1">0</subfield>
    <subfield code="4">0</subfield>
    <subfield code="7">0</subfield>
    <subfield code="a">BCEJYS</subfield>
    <subfield code="b">BCEJYS</subfield>
    <subfield code="c">16</subfield>
    <subfield code="d">2026-04-07</subfield>
    <subfield code="l">0</subfield>
    <subfield code="o">657.372 G216</subfield>
    <subfield code="p">L53358</subfield>
    <subfield code="r">2026-04-07 15:55:21</subfield>
    <subfield code="w">2026-04-07</subfield>
    <subfield code="y">L</subfield>
    <subfield code="z">DESDE INICIO HASTA P&#xC1;G 78 UN POCO SUELTAS - L&#xC1;PIZ</subfield>
  </datafield>
  <datafield tag="952" ind1=" " ind2=" ">
    <subfield code="0">0</subfield>
    <subfield code="1">0</subfield>
    <subfield code="4">0</subfield>
    <subfield code="7">0</subfield>
    <subfield code="a">BCEJYS</subfield>
    <subfield code="b">BCEJYS</subfield>
    <subfield code="c">16</subfield>
    <subfield code="d">2026-04-07</subfield>
    <subfield code="l">0</subfield>
    <subfield code="o">657.372 G216</subfield>
    <subfield code="p">L45069</subfield>
    <subfield code="r">2026-04-07 15:55:21</subfield>
    <subfield code="w">2026-04-07</subfield>
    <subfield code="y">L</subfield>
    <subfield code="z">P&#xC1;G 9 ROTA - MANCHADO EN P&#xC1;G 21,20,144,145 - LAPICERA P&#xC1;G 150 - MANCHADO P&#xC1;G 75 Y 30</subfield>
  </datafield>
  <datafield tag="952" ind1=" " ind2=" ">
    <subfield code="0">0</subfield>
    <subfield code="1">0</subfield>
    <subfield code="4">0</subfield>
    <subfield code="7">0</subfield>
    <subfield code="a">BCEJYS</subfield>
    <subfield code="b">BCEJYS</subfield>
    <subfield code="c">16</subfield>
    <subfield code="d">2026-04-07</subfield>
    <subfield code="l">0</subfield>
    <subfield code="o">657.372 G216</subfield>
    <subfield code="p">L45070</subfield>
    <subfield code="r">2026-04-07 15:55:21</subfield>
    <subfield code="w">2026-04-07</subfield>
    <subfield code="y">L</subfield>
    <subfield code="z">LAPICERA P&#xC1;G 18,74,75,78,89,95,117,118 - MANCHADO P&#xC1;G 83,84,77,78,164 A 168 - L&#xC1;PIZ</subfield>
  </datafield>
  <datafield tag="952" ind1=" " ind2=" ">
    <subfield code="0">0</subfield>
    <subfield code="1">0</subfield>
    <subfield code="4">0</subfield>
    <subfield code="7">0</subfield>
    <subfield code="a">BCEJYS</subfield>
    <subfield code="b">BCEJYS</subfield>
    <subfield code="c">16</subfield>
    <subfield code="d">2026-04-07</subfield>
    <subfield code="l">0</subfield>
    <subfield code="o">657.372 G216</subfield>
    <subfield code="p">L44295</subfield>
    <subfield code="r">2026-04-07 15:55:21</subfield>
    <subfield code="w">2026-04-07</subfield>
    <subfield code="y">L</subfield>
    <subfield code="z">PEGADO CON CINTA P&#xC1;G 4,11,24,78,81,152 - RESALTADOR P&#xC1;G 29 - SUBRAYADO CON L&#xC1;PIZ - LAPICERA AZUL P&#xC1;G 19,21,119 - MANCHADO DESDE P&#xC1;G 72 A 80 - LAPICERA ROJA P&#xC1;G 18</subfield>
  </datafield>
</record>
